| 000 | 00519nam a2200193Ia 4500 | ||
|---|---|---|---|
| 003 | OSt | ||
| 005 | 20230609145720.0 | ||
| 008 | 210423s2005 xx 000 0 und d | ||
| 040 | _cAL | ||
| 041 | _aeng | ||
| 082 |
_a305.231 CHAI _223 |
||
| 245 | _aICDS: integrated child development servicess | ||
| 260 |
_aNew Delhi _bUnicef _c2005 |
||
| 365 | _cINR | ||
| 650 |
_aSocial Groups _9123381 |
||
| 650 |
_aSocial Sciences _9123382 |
||
| 906 | _achild ; development ; ICDS: ; integrated ; servicess | ||
| 942 |
_2ddc _cBK |
||
| 999 |
_c174283 _d174283 |
||